000 00482nam a2200181Ia 4500
001 24598
005 20260414151054.0
008 260414t2016||||xx |||||||||||||| ||spa||
041 _aESP
082 _a345.721
_bB141 V. 41
110 _aEstudio Mario Castillo Freyre
_eAUT
245 0 _aArbitraje :
_bactas del Décimo Congreso Internacional de Arbitraje
260 _c2016
300 _a317 páginas :
_c24 cm.
650 _aDER
654 _aCDE
942 _cLIB
_dJUS
_fJUS
_2ddc
_n
999 _c24598
_d24598